Länder erraten KI Bilder Teil 2 - Statistiken

Allgemein
  • Dieses Quiz wurde 271 mal gespielt
  • Das Durchschnittsergebnis liegt bei 7 aus 17
Antwortstatistiken
Bildquiz Antwort % Korrekt
Österreich
90%
Indien
81%
Norwegen
75%
Madagaskar
68%
Vietnam
68%
Grönland
51%
Nigeria
41%
Ungarn
40%
Marokko
35%
Türkei
35%
Kroatien
26%
Polen
18%
Rumänien
16%
Portugal
15%
Neuseeland
7%
Panama
5%
Argentinien
4%
Keine übereinstimmenden Quizze gefunden
Verteilung der Resultate
Anzahl Personen mit jedem Resultat
Perzentil nach korrekt beantworteten Fragen
Ihre Resultats-Entwicklung
Sie haben dieses Quiz noch nicht gespielt